Eastern Utah Libraries Catalog: Duchesne, Heber, Roosevelt, & Vernal

Night school : (Record no. 212414)

MARC details
000 -LEADER
fixed length control field 03507nam a22004218i 4500
001 - CONTROL NUMBER
control field BK0018121597
003 - CONTROL NUMBER IDENTIFIER
control field DLC
005 - DATE AND TIME OF LATEST TRANSACTION
control field 20160818114340.0
008 - FIXED-LENGTH DATA ELEMENTS--GENERAL INFORMATION
fixed length control field 160518s2016 nyu 000 1 eng
010 ## - LIBRARY OF CONGRESS CONTROL NUMBER
LC control number 2016018769
020 ## - INTERNATIONAL STANDARD BOOK NUMBER
International Standard Book Number 9780804178808 : HRD
Terms of availability 28.99
020 ## - INTERNATIONAL STANDARD BOOK NUMBER
International Standard Book Number 0804178801 : HRD
Terms of availability 28.99
Cancelled/invalid ISBN 9780804178815 (ebook)
037 ## - SOURCE OF ACQUISITION
Source of stock number/acquisition Random House Inc, Attn Order Entry 400 Hahn rd, Westminster, MD, USA, 21157
Note SAN 201-3975
040 ## - CATALOGING SOURCE
Original cataloging agency DLC
Language of cataloging eng
Description conventions rda
Transcribing agency DLC
050 00 - LIBRARY OF CONGRESS CALL NUMBER
Classification number PS3553.H4838
Item number N54 2016
082 00 - DEWEY DECIMAL CLASSIFICATION NUMBER
Classification number 813/.54
Edition number 23
092 ## - LOCALLY ASSIGNED DEWEY CALL NUMBER (OCLC)
Classification number 813.5400
100 1# - MAIN ENTRY--PERSONAL NAME
Personal name Child, Lee,
Relator term author.
245 10 - TITLE STATEMENT
Title Night school :
Remainder of title a Jack Reacher novel /
Statement of responsibility, etc Lee Child.
263 ## - PROJECTED PUBLICATION DATE
Projected publication date 1611
264 #1 - Production, Publication, Distribution, Manufacture, and Copyright Notice.
Place of production, publication, distribution, manufacture New York :
Name of producer, publisher, distributor, manufacturer Delacorte Press,
Date of production, publication, distribution, manufacture, or copyr [2016]
300 ## - PHYSICAL DESCRIPTION
Extent pages cm.
336 ## - Content Type
Content type term text
337 ## - Media type
Media type term unmediated
338 ## - Carrier type
Carrier type term volume
490 0# - SERIES STATEMENT
Series statement Jack Reacher ;
Volume number/sequential designation 21
520 ## - SUMMARY, ETC.
Summary, etc "Discover the thriller series that The New York Times calls "utterly addictive." After eleven straight global #1 bestsellers, Lee Child sends readers back to school with the most explosive Jack Reacher novel yet. It's 1996, and Reacher is still in the army. In the morning they give him a medal, and in the afternoon they send him back to school. That night he's off the grid. Out of sight, out of mind. Two other men are in the classroom--an FBI agent and a CIA analyst. Each is a first-rate operator, eachis fresh off a big win, and each is wondering what the hell they are doing there. Then they find out: A Jihadist sleeper cell in Hamburg, Germany, has received an unexpected visitor--a Saudi courier, seeking safe haven while waiting to rendezvous with persons unknown. A CIA asset, undercover inside the cell, has overheard the courier whisper a chilling message: "The American wants a hundred million dollars." For what? And who from? Reacher and his two new friends are told to find the American. Reacherrecruits the best soldier he has ever worked with: Sergeant Frances Neagley. Their mission heats up in more ways than one, while always keeping their eyes on the prize: If they don't get their man, the world will suffer an epic act of terrorism. From Langley to Hamburg, Jalalabad to Kiev, Night School moves like a bullet through a treacherous landscape of double crosses, faked identities, and new and terrible enemies, as Reacher maneuvers inside the game and outside the law. Praise for #1 bestselling author Lee Child and his Jack Reacher series "Reacher [is] one of this century's most original, tantalizing pop-fiction heroes."--The Washington Post"--
-- Provided by publisher.
520 ## - SUMMARY, ETC.
Summary, etc "In the morning, they gave Reacher a medal. That night, they sent him back to school. With eleven straight #1 New York Times bestsellers and over 100 million books sold, Jack Reacher is "the strongest brand in publishing" (Forbes Magazine). And Night School, with Reacher back in uniform, will be the biggest Reacher adventure of them all"--
-- Provided by publisher.
650 #0 - SUBJECT ADDED ENTRY--TOPICAL TERM
Topical term or geographic name as entry element Reacher, Jack (Fictitious character)
Form subdivision Fiction.
650 #0 - SUBJECT ADDED ENTRY--TOPICAL TERM
Topical term or geographic name as entry element Murder
General subdivision Investigation
Form subdivision Fiction.
650 #7 - SUBJECT ADDED ENTRY--TOPICAL TERM
Topical term or geographic name as entry element FICTION / Suspense.
Source of heading or term bisacsh
650 #7 - SUBJECT ADDED ENTRY--TOPICAL TERM
Topical term or geographic name as entry element FICTION / Thrillers.
Source of heading or term bisacsh
650 #7 - SUBJECT ADDED ENTRY--TOPICAL TERM
Topical term or geographic name as entry element FICTION / Mystery & Detective / General.
Source of heading or term bisacsh
655 #7 - INDEX TERM--GENRE/FORM
Genre/form data or focus term Suspense fiction.
Source of term gsafd
655 #7 - INDEX TERM--GENRE/FORM
Genre/form data or focus term Mystery fiction.
Source of term gsafd
776 08 - ADDITIONAL PHYSICAL FORM ENTRY
Display text Online version:
776 08 - ADDITIONAL PHYSICAL FORM ENTRY
Main entry heading Child, Lee, author.
Title Night school
Place, publisher, and date of publication New York : Delacorte Press, [2016]
International Standard Book Number 9780804178815
Record control number (DLC) 2016023337
Holdings
Withdrawn status Lost status Source of classification or shelving scheme Damaged status Not for loan Collection code Home library Current library Shelving location Date acquired Source of acquisition Cost, normal purchase price Total Checkouts Total Renewals Full call number Barcode Date last seen Date checked out Cost, replacement price Price effective from Koha item type
    Dewey Decimal Classification     Fiction Wasatch County Library Wasatch County Library First Floor 11/15/2016 Donation 28.99 48 9 F Child 34301002023564 02/14/2026 02/05/2026 28.99 03/20/2020 BOOK
This project was made possible through a grant from the Institute of Museum and Library Service administered by the Utah State Library Division.

Wasatch County Library

  • 465 East 1200 South, Heber City, Utah 84032
  • Phone 435-654-1511 | Fax 435-654-6456

Hours

  • Monday - Friday 9:30 AM - 8:00 PM
  • Saturday 9:30 AM - 1:30 PM
  • Closed Sundays and Holidays